000 01213nam a2200373 a 4500
001 22726
003 SK-KTurca
005 20260421154712.0
008 251113s1996 xo a r slo
015 _aSNBA1996/0601755
020 _a8071530786
035 _aSNK000118116
035 _aurn:nbn:sk:snk-amlk6l
035 _aurn:nbn:sk:snk-am00bmsx
035 _aB230EFA4-2E0F-409D-B1AD-C39437F6DF30
040 _aSNK
_bslo
_cSNK
_eAACR2
041 0 _aslo
044 _axo
_cSK
080 _a636.1(087.5)
_21981
100 1 _aClutton-Brock, Juliet,
_d1933-2015
_4aut
245 1 _aKone
_cnapísala Juliet Cluttonová-Brocková ; [z anglického originálu preložil Milan Thurzo]
260 _aBratislava
_bFortuna Print
_c1996
300 _a63 s.
_bFotogr.
_c29 cm
490 1 _aVidieť - poznať - vedieť
500 _aFotogr. na tit. strane a front. Ilustr. na predsádkach
500 _aÚdaj o prekl. prevzatý z rubu tit. strany
504 _aReg.
650 0 7 _akone
_xknihy ilustrované detské
_2SNK
655 7 _apríručky
_2SNK
830 0 _aVidieť - poznať - vedieť
911 _aKN 1996/06
_b01755
942 _2ddc
_cOLDE
_n0
999 _c22726
_d22726